000 00339nam a22001457a 4500
003 SGT
020 _a9789350489970
082 _a923.154
_bB14K
100 _aKALAM, A.P.J. ABDUL
245 _aBHARAT BHAGYA VIDHATA
260 _aINDIA
_bPARBHAT PARKASHAN
_c2014
300 _a152
650 _aPRIME MINISTER OF INDIA
942 _2ddc
_cBK
999 _c25985
_d25985